Loading...
| Literature - World | 0 | 4 | 0 | 1 | 40 | 115 | 130.25 | 3 | 4 | 0.00 | 0.00 |
| Pop Culture | 0 | 4 | 0 | 3 | 40 | 97 | 125.75 | 0 | 4 | 0.00 | 0.00 |
| History - Other | 0 | 4 | 1 | 0 | 35 | 89 | 96.25 | 3 | 4 | 0.00 | 0.00 |
| Religion | 0 | 3 | 0 | 0 | 30 | 77 | 97.33 | 2 | 3 | 0.00 | 0.00 |
| Geography | 0 | 2 | 0 | 0 | 20 | 45 | 54.50 | 2 | 2 | 0.00 | 0.00 |
| Other Academic | 0 | 2 | 0 | 0 | 20 | 135 | 135.50 | 0 | 2 | 0.00 | 0.00 |
| History - World | 0 | 3 | 3 | 2 | 15 | 116 | 124.33 | 0 | 3 | 0.00 | 0.00 |
| Fine Arts - Other | 0 | 2 | 1 | 0 | 15 | 97 | 106.50 | 1 | 2 | 0.00 | 0.00 |
| Current Events | 0 | 1 | 0 | 1 | 10 | 121 | 121.00 | 1 | 1 | 0.00 | 0.00 |
| Literature - British | 0 | 1 | 0 | 0 | 10 | 139 | 139.00 | 0 | 1 | 0.00 | 0.00 |
| Mythology | 0 | 2 | 2 | 0 | 10 | 90 | 110.50 | 1 | 2 | 0.00 | 0.00 |
| Science - Physics | 0 | 1 | 0 | 0 | 10 | 99 | 99.00 | 1 | 1 | 0.00 | 0.00 |
| Social Science | 0 | 1 | 0 | 1 | 10 | 125 | 125.00 | 1 | 1 | 0.00 | 0.00 |
| Fine Arts - Classical Music | 0 | 1 | 1 | 0 | 5 | 132 | 132.00 | 0 | 1 | 0.00 | 0.00 |
| Literature - American | 0 | 1 | 1 | 1 | 5 | 143 | 143.00 | 0 | 1 | 0.00 | 0.00 |
| Philosophy | 0 | 1 | 1 | 1 | 5 | 130 | 130.00 | 0 | 1 | 0.00 | 0.00 |
| Literature - European | 0 | 1 | 1 | 1 | 5 | 136 | 136.00 | 0 | 1 | 0.00 | 0.00 |
| History - European | 0 | 1 | 2 | 0 | 0 | 139 | 139.00 | 1 | 1 | 0.00 | 0.00 |
| Fine Arts - Painting and Sculpture | 0 | 0 | 0 | 0 | 0 | 0.00 | 0 | 0 | 0.00 | 0.00 | |
| Science - Other | 0 | 0 | 0 | 0 | 0 | 0.00 | 0 | 0 | 0.00 | 0.00 | |
| History - American | 0 | 0 | 1 | 0 | -5 | 0.00 | 0 | 0 | 0.00 | 0.00 | |
| Science - Biology | 0 | 0 | 1 | 0 | -5 | 0.00 | 0 | 0 | 0.00 | 0.00 |